| 000 | 00697nam a22002657a 4500 | ||
|---|---|---|---|
| 003 | OSt | ||
| 005 | 20140310182952.0 | ||
| 008 | 130206t xxu||||| |||| 00| 0 eng d | ||
| 020 | _a9789715848633 | ||
| 022 | _a9789715848633 | ||
| 050 |
_aHF 5415 _b.D621 2009 |
||
| 100 | _aDiola, Zenaida S. | ||
| 245 |
_aMarketing a simplified approach : _cZenaida S. Diola _btext and cases / |
||
| 260 |
_aManila : _bC & E Publishing, _c2009. |
||
| 300 |
_a196 p. : _c22 cm. _bill. ; |
||
| 521 | _aBSBA | ||
| 650 |
_aMarketing _vtext and cases. |
||
| 650 | _aMarketing. | ||
| 942 |
_2lcc _cBK _kLOC |
||
| 999 |
_c17930 _d17930 |
||